000 00586nam a2200229Ia 4500
003 OSt
005 20220923230717.0
006 a|||||r|||| 00| 0
007 ta
008 Pun
020 _c120
024 _a304,975
037 _cTextual
040 _aARTS
_cARTS
_bPun
041 _2Pun
_aPun
082 _aU8.73'N94, 153N7
100 _aਕੁਲਵੰਤ ਕੌਰ
_9156278
245 0 _aਅੱਖਾਂ ਵੇਖ ਨਾ ਰੱਜੀਆਂ
260 _c1997
942 _hU8.73'N94, 153N7
_cTEXL
_2CC
999 _c386780
_d386780